Statistics for Top Premier League Goalscorers - 2020/21

Click here to take the quiz!

General Stats

  • This quiz has been taken 23 times
  • The average score is 23 of 30

Answer Stats

Goals ScoredTeamPlayer% Correct
21Tottenham HotspurHarry Kane
100%
15TottenhamHeung Min Son
100%
13Leicester CityJamie Vardy
100%
19LiverpoolMohamed Salah
100%
16Manchester UnitedBruno Fernandes
95%
10Manchester UnitedMarcus Rashford
95%
14Leeds UnitedPatrick Bamford
95%
9Manchester CityRaheem Sterling
95%
8LiverpoolSadio Mane
95%
13ArsenalAlexandre Lacazette
90%
9ArsenalPierre-Emerick Aubameyang
90%
14EvertonDominic Calvert-Lewin
86%
8Leicester CityJames Maddison
86%
10SouthamptonDanny Ings
81%
8LiverpoolDiogo Jota
81%
8Manchester CityGabriel Jesus
81%
9Crystal PalaceWilfried Zaha
81%
10Newcastle UnitedCallum Wilson
76%
12Manchester CityIlkay Gündogan
71%
9West Ham UnitedJesse Lingard
71%
12Aston VillaOllie Watkins
71%
9Manchester CityRiyad Mahrez
67%
8Manchester UnitedEdinson Cavani
62%
9Leicester CityHarvey Barnes
62%
8Brighton and Hove AlbionNeal Maupay
52%
8West Bromwich AlbionMatheus Pereira
48%
9West Ham UnitedTomáš Souček
48%
9Leicester CityKelechi Iheanacho
43%
7SouthamptonChe Adams
33%
8West Ham UnitedJarrod Bowen
33%

Score Distribution

Percentile by Number Answered

Percent of People with Each Score

Your Score History

You have not taken this quiz